<?xml version="1.0" encoding="UTF-8"?>
<record
    xmlns:xsi="http://www.w3.org/2001/XMLSchema-instance"
    xsi:schemaLocation="http://www.loc.gov/MARC21/slim http://www.loc.gov/standards/marcxml/schema/MARC21slim.xsd"
    xmlns="http://www.loc.gov/MARC21/slim">

  <leader>00322nam a22001457a 4500</leader>
  <controlfield tag="003">SGT</controlfield>
  <datafield tag="082" ind1=" " ind2=" ">
    <subfield code="a">612</subfield>
    <subfield code="b">A15T</subfield>
  </datafield>
  <datafield tag="100" ind1=" " ind2=" ">
    <subfield code="a">TORTORA, GENARD.J</subfield>
  </datafield>
  <datafield tag="245" ind1=" " ind2=" ">
    <subfield code="a">ANATOMY &amp; PHYSIOLOGY</subfield>
  </datafield>
  <datafield tag="250" ind1=" " ind2=" ">
    <subfield code="a">2015 INDIAN ED</subfield>
  </datafield>
  <datafield tag="260" ind1=" " ind2=" ">
    <subfield code="a">DELHI</subfield>
    <subfield code="b">WILEY</subfield>
    <subfield code="c">2015</subfield>
  </datafield>
  <datafield tag="300" ind1=" " ind2=" ">
    <subfield code="a">999+132</subfield>
  </datafield>
  <datafield tag="650" ind1=" " ind2=" ">
    <subfield code="a">ANATOMY AND PHYSIOLOGY</subfield>
  </datafield>
  <datafield tag="942" ind1=" " ind2=" ">
    <subfield code="2">ddc</subfield>
    <subfield code="c">BK</subfield>
    <subfield code="0">2</subfield>
  </datafield>
  <datafield tag="952" ind1=" " ind2=" ">
    <subfield code="0">0</subfield>
    <subfield code="1">0</subfield>
    <subfield code="2">ddc</subfield>
    <subfield code="4">0</subfield>
    <subfield code="7">0</subfield>
    <subfield code="8">FA</subfield>
    <subfield code="a">APL</subfield>
    <subfield code="b">APL</subfield>
    <subfield code="c">TXT</subfield>
    <subfield code="d">2016-03-17</subfield>
    <subfield code="e">AHUJA</subfield>
    <subfield code="g">2795.00</subfield>
    <subfield code="i">SGTU</subfield>
    <subfield code="l">3</subfield>
    <subfield code="o">612 A15T</subfield>
    <subfield code="p">FA3747</subfield>
    <subfield code="r">2019-08-13 00:00:00</subfield>
    <subfield code="s">2019-08-13</subfield>
    <subfield code="w">2015-12-22</subfield>
    <subfield code="y">BK</subfield>
    <subfield code="k">6404</subfield>
  </datafield>
  <datafield tag="952" ind1=" " ind2=" ">
    <subfield code="0">0</subfield>
    <subfield code="1">0</subfield>
    <subfield code="2">ddc</subfield>
    <subfield code="4">0</subfield>
    <subfield code="7">0</subfield>
    <subfield code="8">FA</subfield>
    <subfield code="a">APL</subfield>
    <subfield code="b">APL</subfield>
    <subfield code="c">TXT</subfield>
    <subfield code="d">2016-03-17</subfield>
    <subfield code="e">AHUJA</subfield>
    <subfield code="g">2795.00</subfield>
    <subfield code="i">SGTU</subfield>
    <subfield code="l">2</subfield>
    <subfield code="o">612 A15T</subfield>
    <subfield code="p">FA3748</subfield>
    <subfield code="r">2025-09-11 00:00:00</subfield>
    <subfield code="s">2025-08-30</subfield>
    <subfield code="w">2015-12-22</subfield>
    <subfield code="y">BK</subfield>
    <subfield code="k">6404</subfield>
  </datafield>
  <datafield tag="952" ind1=" " ind2=" ">
    <subfield code="0">0</subfield>
    <subfield code="1">0</subfield>
    <subfield code="2">ddc</subfield>
    <subfield code="4">0</subfield>
    <subfield code="7">0</subfield>
    <subfield code="8">FA</subfield>
    <subfield code="a">APL</subfield>
    <subfield code="b">APL</subfield>
    <subfield code="c">TXT</subfield>
    <subfield code="d">2016-03-17</subfield>
    <subfield code="e">AHUJA</subfield>
    <subfield code="g">2795.00</subfield>
    <subfield code="i">SGTU</subfield>
    <subfield code="l">0</subfield>
    <subfield code="o">612 A15T</subfield>
    <subfield code="p">FA3749</subfield>
    <subfield code="r">2022-04-19 00:00:00</subfield>
    <subfield code="w">2015-12-22</subfield>
    <subfield code="y">BK</subfield>
    <subfield code="k">6404</subfield>
  </datafield>
  <datafield tag="952" ind1=" " ind2=" ">
    <subfield code="0">0</subfield>
    <subfield code="1">0</subfield>
    <subfield code="2">ddc</subfield>
    <subfield code="4">0</subfield>
    <subfield code="7">0</subfield>
    <subfield code="8">FA</subfield>
    <subfield code="a">APL</subfield>
    <subfield code="b">APL</subfield>
    <subfield code="c">TXT</subfield>
    <subfield code="d">2016-03-17</subfield>
    <subfield code="e">AHUJA</subfield>
    <subfield code="g">2795.00</subfield>
    <subfield code="i">SGTU</subfield>
    <subfield code="l">3</subfield>
    <subfield code="o">612 A15T</subfield>
    <subfield code="p">FA3750</subfield>
    <subfield code="r">2019-11-27 00:00:00</subfield>
    <subfield code="s">2019-11-27</subfield>
    <subfield code="w">2015-12-22</subfield>
    <subfield code="y">BK</subfield>
    <subfield code="k">6404</subfield>
  </datafield>
  <datafield tag="952" ind1=" " ind2=" ">
    <subfield code="0">0</subfield>
    <subfield code="1">0</subfield>
    <subfield code="2">ddc</subfield>
    <subfield code="4">0</subfield>
    <subfield code="5">1</subfield>
    <subfield code="7">0</subfield>
    <subfield code="8">FA</subfield>
    <subfield code="a">APL</subfield>
    <subfield code="b">APL</subfield>
    <subfield code="c">REF</subfield>
    <subfield code="d">2016-03-17</subfield>
    <subfield code="e">AHUJA</subfield>
    <subfield code="g">2795.00</subfield>
    <subfield code="i">SGTU</subfield>
    <subfield code="l">2</subfield>
    <subfield code="o">612 A15T</subfield>
    <subfield code="p">FA3751</subfield>
    <subfield code="r">2022-06-23 00:00:00</subfield>
    <subfield code="s">2022-05-24</subfield>
    <subfield code="w">2015-12-22</subfield>
    <subfield code="y">BK</subfield>
    <subfield code="k">6404</subfield>
  </datafield>
  <datafield tag="999" ind1=" " ind2=" ">
    <subfield code="c">8500</subfield>
    <subfield code="d">8500</subfield>
  </datafield>
</record>
